Перспективы и теплофизические проблемы атомной энергетики (Запись № 1037431)

Подробности
000 -МАРКЕР
контрольное поле 01668nam1a2200313 i 4500
001 - ИДЕНТИФИКАТОР ЗАПИСИ
контрольное поле RU\NLR\bibl\1679130
005 - ИДЕНТИФИКАТОР ВЕРСИИ
контрольное поле 20260405205910.0
010 ## - МЕЖДУНАРОДНЫЙ СТАНДАРТНЫЙ НОМЕР КНИГИ (ISBN)
Номер (ISBN) 978-5-383-00294-0
035 ## - ДРУГИЕ СИСТЕМНЫЕ НОМЕРА
Идентификатор записи (NLR Aleph) 001670344
100 ## - ДАННЫЕ ОБЩЕЙ ОБРАБОТКИ
Данные общей обработки 20100929g20099999u y0rusy50 ca
101 0# - ЯЗЫК РЕСУРСА
Язык текста, звукозаписи и т.д. русский
102 ## - СТРАНА ПУБЛИКАЦИИ ИЛИ ПРОИЗВОДСТВА
Страна публикации Российская Федерация
105 ## - ПОЛЕ КОДИРОВАННЫХ ДАННЫХ: ТЕКСТОВЫЕ МАТЕРИАЛЫ, МОНОГРАФИЧЕСКИЕ
Кодированные данные о монографическом текстовом документе ||||z |||||
200 1# - ЗАГЛАВИЕ И СВЕДЕНИЯ ОБ ОТВЕТСТВЕННОСТИ
Основное заглавие Перспективы и теплофизические проблемы атомной энергетики
Сведения, относящиеся к заглавию учебное пособие для студентов, обучающихся по направлению "Техническая физика"
-- в 2 ч.
Первые сведения об ответственности Б.А. Габараев, Ю.Б. Смирнов, Ю.С. Черепнин
Последующие сведения об ответственности М-во образования и науки Рос. Федерации, Федер. агентство по образованию, Моск. энерг. ин-т (техн. ун-т)
210 ## - ПУБЛИКАЦИЯ, РАСПРОСТРАНЕНИЕ И ДР.
Место издания, распространения и т.д. Москва
Имя издателя, распространителя и т. д. Издательский дом МЭИ
Дата издания, распространения и т.д. 2009
215 ## - ФИЗИЧЕСКАЯ ХАРАКТЕРИСТИКА
Размеры 20
463 #0 - УРОВЕНЬ ФИЗИЧЕСКОЙ ЕДИНИЦЫ
Встроенное поле 0011405804
606 1# - НАИМЕНОВАНИЕ ТЕМЫ КАК ПРЕДМЕТ
Наименование темы Ядерная энергетика
Формальный подзаголовок Учебные издания для высших учебных заведений
Системный номер авторитетной/нормативной записи 2163696
Идентификатор авторитетной/нормативной записи RU\NLR\auth\661301983
686 ## - ИНДЕКСЫ ДРУГИХ КЛАССИФИКАЦИЙ
Индекс З4я73-1
700 #1 - ИМЯ ЛИЦА - ПЕРВИЧНАЯ ОТВЕТСТВЕННОСТЬ
Начальный элемент ввода Габараев
Часть имени, кроме начального элемента ввода Б. А.
Расширение инициалов личного имени Борис Арсентьевич
Код отношения Автор
701 #1 - ИМЯ ЛИЦА - АЛЬТЕРНАТИВНАЯ ОТВЕТСТВЕННОСТЬ
Код отношения Автор
Графика поля Кириллица
Материалы, к которым относится поле rus
Начальный элемент ввода Смирнов
Часть имени, кроме начального элемента ввода Ю. Б.
Дополнения к именам, кроме дат канд. техн. наук
Даты 1947-
Расширение инициалов личного имени Юрий Борисович
Системный номер авторитетной/нормативной записи 76037
Идентификатор авторитетной/нормативной записи RU\NLR\auth\7793111
701 #1 - ИМЯ ЛИЦА - АЛЬТЕРНАТИВНАЯ ОТВЕТСТВЕННОСТЬ
Начальный элемент ввода Черепнин
Часть имени, кроме начального элемента ввода Ю. С.
Расширение инициалов личного имени Юрий Семенович
Код отношения Автор
801 #0 - ИСТОЧНИК ЗАПИСИ
Страна Российская Федерация
Организация NLR
Дата составления 20100929
Правила каталогизации RCR
801 #1 - ИСТОЧНИК ЗАПИСИ
Страна Российская Федерация
Организация NLR
Дата составления 20100929
830 ## - ОБЩЕЕ ПРИМЕЧАНИЕ, СОСТАВЛЕННОЕ КАТАЛОГИЗАТОРОМ
Текст примечания авт. по кн.
852 ## - МЕСТОНАХОЖДЕНИЕ И ШИФР ХРАНЕНИЯ
Идентификатор организации NLR
Шифр хранения (Call Number) 2009-3/26809
942 ## - ДОПОЛНИТЕЛЬНЫЕ ЭЛЕМЕНТЫ ЗАПИСИ (АБИС)
Тип экземпляра АБИС Книга

Нет доступных экземпляров.